000 00444nam a2200145 a 4500
001 000045560
005 20201002052321.0
008 150415s1989 dr 000 0 spa d
040 _aDO-SdBNP
_bspa
_cBNPHU
082 _axxxxxxxxx
_bxxxxxxxx
100 1 _aMarcano F., Eugenio de Jesús
_931247
245 1 0 _aIsotipos en el herbario U.S.D. /
_cEugenio de Jesús Marcano F.
260 _aSanto Domingo :
_bUASD,
_c1989.
300 _a20 p. : ;
_c21 cm.
999 _c45049
_d45049